European Countries in their own language - Map Quiz - Statistics

General Stats
  • This quiz has been taken 1,314 times
    571 since last reset
  • The average score is 35 of 46
Answers on the Map
Answers color-coded by a green-red scale on the quiz's map according to % correct below.
 
Answer Stats
Answer % Correct
Deutschland
89%
Italia
89%
België
88%
Polska
88%
España
87%
France
87%
Andorra
86%
Liechtenstein
86%
Portugal
86%
United Kingdom
86%
România
85%
San Marino
85%
Ísland
84%
Nederland
84%
Norge
84%
Bosna i Hercegovina
83%
Monaco
83%
Schweiz
83%
Città del Vaticano
82%
Lëtzebuerg
82%
Moldova
81%
Österreich
81%
Danmark
79%
Éire
79%
Kosova
79%
Latvija
78%
Malti
78%
Ελλάδα
77%
Lietuva
76%
Česko
75%
Slovensko
75%
Suomi
74%
Sverige
74%
Северна Македонија
72%
Eesti
72%
Slovenija
72%
Россия
70%
Magyarország
70%
Hrvatska
68%
Україна
64%
Беларусь
55%
Shqipëria
55%
Κύπρος
53%
България
53%
Србија
52%
Crna Gora
52%
No matching quizzes found
Score Distribution
Percent of People with Each Score
Percentile by Number Answered
Your Score History
You have not taken this quiz since the last reset